| 000 | 00935cam a22002535a 4500 | ||
|---|---|---|---|
| 001 | L140108 | ||
| 008 | 070904s1937 xxk f 000 0 eng d | ||
| 035 | _a(Sirsi) u140108 | ||
| 041 | _aeng | ||
| 050 | _a692.3 $2 18 | ||
| 090 | _aSMM 1935/1BCDE | ||
| 110 |
_aChartered Surveyors' Institution _92274 |
||
| 245 | _aStandard method of measurement of building works authorised by agreement between the Chartered Surveyors' Institution and the National Federation of Building Trades Employers and approved by the Institute of Builders | ||
| 250 | _a3rd ed. | ||
| 260 |
_aLondon _bChartered Surveyors' Institution _c1937 |
||
| 300 |
_a93p. _c31cm. |
||
| 350 | _a0 | ||
| 520 | _aReprinted January 1937. | ||
| 651 | 4 |
_aUnited Kingdom _y |
|
| 690 | _aBUILT ENVIRONMENT-QUANTITY SURVEYING-STANDARD METHOD OF MEASUREMENT | ||
| 710 |
_aNational Federation of Building Trades Employers _91526 |
||
| 942 | _n0 | ||
| 948 | _c04/03/1997 | ||
| 999 |
_c107422 _d107422 |
||